<?xml version="1.0" encoding="UTF-8"?>
<record
    xmlns:xsi="http://www.w3.org/2001/XMLSchema-instance"
    xsi:schemaLocation="http://www.loc.gov/MARC21/slim http://www.loc.gov/standards/marcxml/schema/MARC21slim.xsd"
    xmlns="http://www.loc.gov/MARC21/slim">

  <leader>00944nam a22002537a 4500</leader>
  <controlfield tag="005">20240530110342.0</controlfield>
  <controlfield tag="008">141119s2012    le d   g      001 0 ara d</controlfield>
  <datafield tag="020" ind1=" " ind2=" ">
    <subfield code="a">9789953825243</subfield>
  </datafield>
  <datafield tag="040" ind1=" " ind2=" ">
    <subfield code="a">EG-CaGPL</subfield>
  </datafield>
  <datafield tag="041" ind1="0" ind2=" ">
    <subfield code="a">ara</subfield>
  </datafield>
  <datafield tag="082" ind1="0" ind2="4">
    <subfield code="2">21</subfield>
    <subfield code="a">322.1/</subfield>
    <subfield code="b">&#x645; &#x623;</subfield>
  </datafield>
  <datafield tag="100" ind1="0" ind2=" ">
    <subfield code="a">&#x645;&#x649; &#x645;&#x62C;&#x64A;&#x628; &#x639;&#x628;&#x62F;&#x627;&#x644;&#x645;&#x646;&#x639;&#x645; &#x645;&#x633;&#x639;&#x62F;</subfield>
  </datafield>
  <datafield tag="245" ind1="1" ind2="2">
    <subfield code="a">&#x627;&#x644;&#x627;&#x642;&#x628;&#x627;&#x637; &#x648;&#x645;&#x637;&#x627;&#x644;&#x628;&#x647;&#x645; &#x641;&#x649; &#x645;&#x635;&#x631; &#x628;&#x64A;&#x646; &#x627;&#x644;&#x62A;&#x636;&#x645;&#x64A;&#x646; &#x648;&#x627;&#x644;&#x627;&#x633;&#x62A;&#x628;&#x639;&#x627;&#x62F; /</subfield>
    <subfield code="c">&#x645;&#x649; &#x645;&#x62C;&#x64A;&#x628; &#x639;&#x628;&#x62F;&#x627;&#x644;&#x645;&#x646;&#x639;&#x645; &#x645;&#x633;&#x639;&#x62F;</subfield>
  </datafield>
  <datafield tag="250" ind1=" " ind2=" ">
    <subfield code="a">&#x637; 1</subfield>
  </datafield>
  <datafield tag="260" ind1=" " ind2=" ">
    <subfield code="a">&#x628;&#x64A;&#x631;&#x648;&#x62A; :</subfield>
    <subfield code="b">&#x645;&#x631;&#x643;&#x632; &#x62F;&#x631;&#x627;&#x633;&#x627;&#x62A; &#x627;&#x644;&#x648;&#x62D;&#x62F;&#x629; &#x627;&#x644;&#x639;&#x631;&#x628;&#x64A;&#x629; &#x60C;</subfield>
    <subfield code="c">2012</subfield>
  </datafield>
  <datafield tag="300" ind1=" " ind2=" ">
    <subfield code="a">495 &#x635; &#x61B;</subfield>
    <subfield code="c">24 &#x633;&#x645;</subfield>
  </datafield>
  <datafield tag="490" ind1="0" ind2=" ">
    <subfield code="a">&#x633;&#x644;&#x633;&#x644;&#x629; &#x627;&#x637;&#x631;&#x648;&#x62D;&#x627;&#x62A; &#x627;&#x644;&#x62F;&#x643;&#x62A;&#x648;&#x631;&#x627;&#x647; &#x61B;</subfield>
    <subfield code="v">104</subfield>
  </datafield>
  <datafield tag="504" ind1=" " ind2=" ">
    <subfield code="a">&#x628;&#x628;&#x644;&#x64A;&#x648;&#x62C;&#x631;&#x627;&#x641;&#x64A;&#x629; : &#x635; 409 - 479</subfield>
  </datafield>
  <datafield tag="650" ind1="0" ind2="4">
    <subfield code="a">&#x627;&#x644;&#x627;&#x642;&#x628;&#x627;&#x637;</subfield>
    <subfield code="z">&#x645;&#x635;&#x631;</subfield>
  </datafield>
  <datafield tag="650" ind1="0" ind2="4">
    <subfield code="a">&#x627;&#x62D;&#x62F;&#x627;&#x62B; &#x627;&#x644;&#x643;&#x634;&#x62D;</subfield>
  </datafield>
  <datafield tag="650" ind1="0" ind2="4">
    <subfield code="a">&#x627;&#x62D;&#x62F;&#x627;&#x62B; &#x641;&#x631;&#x634;&#x648;&#x637;</subfield>
  </datafield>
  <datafield tag="942" ind1=" " ind2=" ">
    <subfield code="2">ddc</subfield>
    <subfield code="c">BK</subfield>
  </datafield>
  <datafield tag="999" ind1=" " ind2=" ">
    <subfield code="c">59910</subfield>
    <subfield code="d">59910</subfield>
  </datafield>
  <datafield tag="952" ind1=" " ind2=" ">
    <subfield code="0">0</subfield>
    <subfield code="1">0</subfield>
    <subfield code="4">0</subfield>
    <subfield code="7">0</subfield>
    <subfield code="a">CAI</subfield>
    <subfield code="b">CAI</subfield>
    <subfield code="d">2014-11-19</subfield>
    <subfield code="l">0</subfield>
    <subfield code="o">322.1/&#x645; &#x623;</subfield>
    <subfield code="p">158871</subfield>
    <subfield code="r">2014-11-19 00:00:00</subfield>
    <subfield code="w">2014-11-19</subfield>
    <subfield code="y">BK</subfield>
  </datafield>
</record>
